000 00383nam a22001457a 4500
020 _a0231026048
082 _a658.15 SOL
100 _aSolomon,Ezra.
245 _aThe Theory Financial Management
260 _aNew York
_bColumbia Univesity Press
_c1963
300 _axii,170p.
_bill:,22cm
500 _ainclude bibliography and index
650 _afinancial decisions
942 _cBK
999 _c18154
_d18154